Pôsobenie nevojenskej bezpečnosti na vývoj medzinárodnopolitickej pozície SR a jej zahraničnú politiku
Chápanie nevojenskej bezpečnosti. Klasifikácia nevojenských bezpečnostných hrozieb v kontexte skúmania stavu a tendencií vývoja bezpečnosti SR. Otázky medzinárodnej bezpečnosti SR ako malého štátu v podmienkach postmodernej spoločnosti globalizujúceho sa sveta.
Guardado en:
| Autor principal: | |
|---|---|
| Formato: | Capítulo de libro |
| Lenguaje: | eslovaco |
| Materias: | |
| Etiquetas: |
Sin Etiquetas, Sea el primero en etiquetar este registro!
|
MARC
| LEADER | 00000nla$a2200000$$$4500 | ||
|---|---|---|---|
| 001 | 0080457 | ||
| 005 | 20240502071918.5 | ||
| 041 | 0 | |a slo | |
| 044 | |a SK | ||
| 245 | 1 | 0 | |a Pôsobenie nevojenskej bezpečnosti na vývoj medzinárodnopolitickej pozície SR a jej zahraničnú politiku |c František Škvrnda |
| 520 | |a Chápanie nevojenskej bezpečnosti. Klasifikácia nevojenských bezpečnostných hrozieb v kontexte skúmania stavu a tendencií vývoja bezpečnosti SR. Otázky medzinárodnej bezpečnosti SR ako malého štátu v podmienkach postmodernej spoločnosti globalizujúceho sa sveta. | ||
| 610 | 2 | 0 | |a bezpečnosť |
| 610 | 2 | 0 | |a politika zahraničná |
| 610 | 2 | 0 | |a Slovensko |
| 610 | 2 | 0 | |a politika bezpečnostná |
| 100 | 1 | |a Škvrnda, František | |